Gems of wisdom : (Record no. 78203)

MARC details
000 -LEADER
fixed length control field 00597nam a22001817a 4500
005 - DATE AND TIME OF LATEST TRANSACTION
control field 20130913151950.0
010 ## - LCCN (DPL NO)
LC control number ENG-108187
020 ## - INTERNATIONAL STANDARD BOOK NUMBER
International Standard Book Number 9789350690154
Terms of availability 110.00
035 ## - SYSTEM CONTROL NUMBER
System control number EN-91720
037 ## - SOURCE OF ACQUISITION
Source of stock number/acquisition DBAD/PUB
082 ## - DEWEY DECIMAL CLASSIFICATION NUMBER
Classification number 230.35
245 10 - TITLE STATEMENT
Title Gems of wisdom :
Statement of responsibility, etc compiled by C.M. Sahni
Remainder of title quotations from Bhagawan Sri Sathya Sai Baba /
260 ## - PUBLICATION, DISTRIBUTION, ETC. (IMPRINT)
Place of publication, distribution, etc Andhra Pradesh
Name of publisher, distributor, etc Sri Sathya Sai Sadhana Trust
Date of publication, distribution, etc 2013
270 ## - ADDRESS
Address Prasanthi Nilayam, Anantapur District
City Andhra Pradesh
Postal code 515134
300 ## - PHYSICAL DESCRIPTION
Extent xiv,565p.
Dimensions 23cm(pbk)
700 ## - ADDED ENTRY--PERSONAL NAME
Personal name Sahni, C.M.
942 ## - ADDED ENTRY ELEMENTS (KOHA)
Source of classification or shelving scheme Dewey Decimal Classification
Item type English Books
Call number suffix GEM
Classification part 230.35
Holdings
Withdrawn status Lost status Not for loan Collection code Home library Current library Date acquired Source of acquisition Cost, normal purchase price Full call number Barcode Copy number Cost, replacement price Koha item type
    Not For Loan Non-fiction D.B.Act.Division D.B.Act.Division 30/07/2013 DBAD / PUB 110.00 230.35 GEM EN-91720 1 110.00 English Books

© Delhi Public Library
Hit Counter
free hit counter